Statistics for Lyrics Bon Jovi - Bed Of Roses

Click here to take the quiz!

General Stats

  • This quiz has been taken 322 times
  • The average score is 43 of 56

Answer Stats

Answer% Correct
And lay you down on a {bed} of roses
96%
I want to {be} just as close as
96%
I want to lay you down in a {bed} of roses
96%
I want to lay you down in a bed of {roses}
95%
For tonight I sleep on a bed of {nails}
94%
The {Holy} Ghost is
94%
And the truth is baby you're all that I {need}
91%
At this old {piano}
91%
I {think} that she's still in my bed
91%
Well I'm so {far} away
91%
And lay you {down} on a bed of roses
90%
They won't make of me when i'm {dead}
90%
For tonight I {sleep} on a bed of nails
89%
I {want} to be just as close as
89%
The Holy {Ghost} is
89%
While some marching {band} keeps its own beat
88%
'Cause a bottle of {vodka}
87%
And {French} kiss the morning
86%
Is still lodged in my {head}
85%
In my head while we're {talking}
84%
As i dream about {movies}
83%
I want to {lay} you down in a bed of roses
82%
About all of the things that I long to {believe}
81%
For {tonight} I sleep on a bed of nails
81%
Trying hard to {capture} the moment
81%
And lay you down on a {bed} {of} {roses}
80%
And some blonde give me {nightmares}
80%
Know I'll be {thinking} about you
80%
That each {step} that I take
80%
And what you {mean} to me
79%
Is on my way {home}
79%
And she's giving me the {eye}
78%
Sitting here {wasted} and wounded
78%
Now as you {close} your eyes
77%
With an ironclad {fist} I wake up
77%
I want to be just as close as the Holy Ghost {is}
76%
About love and the {truth}
75%
But I laughed so hard I think I {died}
75%
Flies me {back} to you
74%
Tonight I won't be {alone}
71%
Still I {run} out of time
70%
This {morning} i don't know
70%
But you know that don't mean I'm not {lonely}
68%
Or it's hard to get {through}
67%
Baby blind love is {true}
66%
To stand in her {spotlight} again
65%
While my {mistress} she calls me
65%
Just to see through this {payphone}
61%
A {king}'s ransom in dimes i'd given each night
59%
I might have said {yeah}
59%
I've got nothing to {prove} for it's you
56%
Till the {bird} on the wire
55%
I'll just close my eyes and {whisper},
53%
The {hotel} bar hangover whiskey's gone dry
53%
That I'd die to {defend}
44%
The barkeeper's {wig}'s crooked
39%

Score Distribution

Percentile by Number Answered

Percent of People with Each Score

Your Score History

You have not taken this quiz